| 000 | 01154cad a22002175a 4500 | ||
|---|---|---|---|
| 001 | L141906 | ||
| 008 | 080114e20080108xxkd f s f000 0 eng d | ||
| 035 | _a(Sirsi) u141906 | ||
| 041 | 0 | _aeng | |
| 110 | 1 |
_aUnited Kingdom _bDepartment for Business, Enterprise and Regulatory Reform _95262 |
|
| 245 | 0 | 0 |
_aNew construction orders _bNovember 2007 _h[electronic resource] |
| 260 | _c2008 | ||
| 490 |
_aGNN Press Release _v(156206P) 10 January 2008 |
||
| 520 | _aIn the 12 months to November 2007, construction orders increased by 1% compared with the previous 12 months, and orders increased by 5% in the three months to November 2007 compared to the same period in 2006. In the three months to November 2007, orders increased by 3% compared to the previous three months, with rises in public and private housing, and infrastructure orders. | ||
| 590 | _aKA | ||
| 650 | 2 | 4 | _aDBERR NEW CONSTRUCTION ORDERS |
| 651 | 4 |
_aGreat Britain _y1707- |
|
| 690 | _aBUILT ENVIRONMENT-CONSTRUCTION MARKET | ||
| 856 | 4 | 0 |
_uhttps://stats.bis.gov.uk/construction/neworders/200711/index.asp#Related_documents _zView the item free of charge at stats.bis/gov.uk |
| 942 | _n0 | ||
| 999 |
_c79651 _d79651 |
||